[Event "London league"]
[Site "?"]
[Date "1988.01.20"]
[Round "?"]
[White "Stebbings, A."]
[Black "Marden, L."]
[Result "1/2-1/2"]
[WhiteElo "2168"]
[BlackElo "2136"]
[PlyCount "62"]
[EventDate "1988.??.??"]

1. d4 d5 2. c4 e6 3. Nc3 c6 4. e3 Nf6 5. Nf3 Nbd7 6. Qc2 dxc4 7. Bxc4 b5 8. Bd3
Bb7 9. e4 b4 10. Na4 Rc8 11. e5 Nd5 12. O-O h6 13. Bd2 c5 14. Nxc5 Bxc5 15.
dxc5 O-O 16. a3 Nxc5 17. axb4 Ne4 18. Qb3 Nxd2 19. Nxd2 Qg5 20. Nf3 Qg4 21. h3
Qxb4 22. Ra3 Qxb3 23. Rxb3 Rb8 24. Be4 Nb6 25. Bxb7 Rxb7 26. Rd1 Rfb8 27. Rdd3
Nd5 28. Rxb7 Rxb7 29. b3 Kf8 30. g3 Ke8 31. Nd2 Rd7 1/2-1/2

[Event "Team match"]
[Site "London"]
[Date "1988.01.26"]
[Round "?"]
[White "Stebbings, A."]
[Black "Ashby, A."]
[Result "1/2-1/2"]
[WhiteElo "2168"]
[BlackElo "2128"]
[PlyCount "30"]
[EventDate "1988.??.??"]

1. e4 c6 2. d4 d5 3. exd5 cxd5 4. c4 Nf6 5. Nc3 g6 6. Qb3 Bg7 7. cxd5 O-O 8.
Be2 Nbd7 9. Bf3 Nb6 10. Nge2 Bg4 11. Bxg4 Nxg4 12. O-O Qd7 13. Re1 Rad8 14. h3
Nf6 15. Nf4 Nfxd5 1/2-1/2

[Event "Kent league"]
[Site "?"]
[Date "1988.02.11"]
[Round "?"]
[White "Stebbings, A."]
[Black "Sugden, J."]
[Result "0-1"]
[WhiteElo "2168"]
[BlackElo "2208"]
[PlyCount "70"]
[EventDate "1988.??.??"]

1. d4 Nf6 2. c4 d6 3. Nc3 g6 4. e4 Bg7 5. f4 O-O 6. Nf3 c5 7. d5 e6 8. Be2 exd5
9. cxd5 Bg4 10. O-O Nbd7 11. h3 Bxf3 12. Bxf3 a6 13. g4 h6 14. h4 b5 15. g5
hxg5 16. hxg5 Nh7 17. Bg4 Re8 18. Qf3 Ra7 19. Bd2 Ndf8 20. Rae1 b4 21. Nd1 f6
22. f5 fxg5 23. fxg6 Nxg6 24. Be6+ Kh8 25. Qh5 Bd4+ 26. Kh1 Rg7 27. Bf7 Qd7 28.
Bxe8 Qxe8 29. Rf5 Kg8 30. Bxg5 Nxg5 31. Qxg5 Ne7 32. Qf4 Nxf5 33. Qxf5 Qd8 34.
Qf4 Be5 35. Qf2 Qg5 0-1

[Event "London league"]
[Site "?"]
[Date "1988.02.15"]
[Round "?"]
[White "Kett, T."]
[Black "Stebbings, A."]
[Result "0-1"]
[WhiteElo "2096"]
[BlackElo "2168"]
[PlyCount "96"]
[EventDate "1988.??.??"]

1. d4 Nf6 2. Nf3 e6 3. Bg5 c5 4. c3 cxd4 5. cxd4 Qa5+ 6. Nc3 Ne4 7. Bd2 Nxd2 8.
Qxd2 d5 9. e3 Nc6 10. Bd3 Be7 11. O-O O-O 12. a3 a6 13. b4 Qc7 14. Rfc1 Bd7 15.
Na4 Rfc8 16. Ne5 Be8 17. Nxc6 Bxc6 18. Nc5 Qb6 19. Nb3 Bb5 20. Rc3 Rxc3 21.
Qxc3 Bxd3 22. Qxd3 Rc8 23. Qd2 g6 24. Rc1 Rc4 25. g3 Qc6 26. Rxc4 dxc4 27. Nc1
a5 28. Qc3 axb4 29. axb4 Qa6 30. Qb2 Qa4 31. Na2 b5 32. Kg2 Qb3 33. Qxb3 cxb3
34. Nc3 Bxb4 35. Nb1 Kf8 36. Kf3 Ke7 37. Ke4 Kd6 38. Kd3 Kc6 39. f3 Kb6 40. e4
Ka5 41. Ke3 Ka4 42. Kd3 Ba5 43. d5 exd5 44. exd5 Bb4 45. h3 g5 46. g4 h6 47.
Nc3+ Bxc3 48. Kxc3 Ka3 0-1

[Event "County match"]
[Site "?"]
[Date "1988.02.20"]
[Round "?"]
[White "Stebbings, A."]
[Black "DeCoverly, R."]
[Result "1-0"]
[WhiteElo "2168"]
[BlackElo "1984"]
[PlyCount "80"]
[EventDate "1988.??.??"]

1. d4 Nf6 2. c4 d6 3. Nc3 Nbd7 4. e4 e5 5. Nf3 g6 6. Be2 Bg7 7. O-O O-O 8. Re1
Re8 9. Bf1 c6 10. Rb1 Qb6 11. d5 c5 12. a3 Qd8 13. b4 b6 14. Bd3 Nf8 15. bxc5
bxc5 16. Bc2 Re7 17. Ba4 Bd7 18. Bd2 Ne8 19. Bc6 Rc8 20. Qa4 f5 21. Rb7 a5 22.
Reb1 Nf6 23. Bxd7 N8xd7 24. Ng5 Nf8 25. exf5 gxf5 26. Rxe7 Qxe7 27. Qxa5 e4 28.
Qa6 Re8 29. Ne2 Ng4 30. h3 e3 31. fxe3 Qxg5 32. hxg4 Be5 33. gxf5 Qxf5 34. Rf1
Qh5 35. Rf2 Qh2+ 36. Kf1 Qh1+ 37. Ng1 Bh2 38. Qb7 Qxg1+ 39. Ke2 Bf4 40. Rxf4
Qxg2+ 1-0

[Event "London league"]
[Site "?"]
[Date "1988.02.24"]
[Round "?"]
[White "Ady, J."]
[Black "Stebbings, A."]
[Result "1-0"]
[WhiteElo "2344"]
[BlackElo "2168"]
[PlyCount "43"]
[EventDate "1988.??.??"]

1. e4 c5 2. Nf3 e6 3. d4 cxd4 4. Nxd4 Nc6 5. Nc3 a6 6. g3 Nge7 7. Nb3 b5 8. Bg2
d6 9. O-O Ng6 10. f4 Be7 11. Be3 Qc7 12. h4 Bf6 13. Qd2 O-O 14. h5 Nge7 15. g4
h6 16. Rad1 Rd8 17. Qf2 Rb8 18. e5 dxe5 19. Rxd8+ Qxd8 20. g5 exf4 21. gxf6
fxe3 22. Qg3 1-0

[Event "National Club ch."]
[Site "?"]
[Date "1988.02.25"]
[Round "?"]
[White "Stebbings, A."]
[Black "Povah, N."]
[Result "0-1"]
[WhiteElo "2168"]
[BlackElo "2344"]
[PlyCount "78"]
[EventDate "1988.??.??"]

1. d4 Nf6 2. c4 e6 3. Nc3 c5 4. Nf3 cxd4 5. Nxd4 Bb4 6. g3 O-O 7. Bg2 d5 8.
cxd5 Nxd5 9. Bd2 Nxc3 10. bxc3 Bc5 11. O-O e5 12. Nb3 Bb6 13. c4 Nc6 14. Qc2
Be6 15. Bxc6 bxc6 16. Bb4 Re8 17. Rad1 Qc8 18. Bd6 Bf5 19. Qc3 Bh3 20. Rfe1 Qf5
21. c5 Bd8 22. e4 Qh5 23. f3 Re6 24. Re2 h6 25. Rd3 Kh7 26. Nd2 Bg5 27. Nc4
Rae8 28. Kh1 Bf1 29. Rb2 Bxd3 30. Qxd3 Qh3 31. Rb7 Be7 32. Rxa7 Bxd6 33. cxd6
Rb8 34. Rxf7 Rxd6 35. Rxg7+ Kh8 36. Nxd6 Rb2 37. Rg8+ Kxg8 38. Qc4+ Kh8 39.
Nf7+ Kg7 0-1

[Event "County match"]
[Site "?"]
[Date "1988.03.12"]
[Round "?"]
[White "Lyell, M."]
[Black "Stebbings, A."]
[Result "0-1"]
[WhiteElo "2168"]
[BlackElo "2168"]
[PlyCount "81"]
[EventDate "1988.??.??"]

1. e4 c5 2. c3 Nf6 3. e5 Nd5 4. d4 cxd4 5. cxd4 d6 6. Bc4 e6 7. Nf3 Nc6 8. O-O
Be7 9. a3 O-O 10. Qe2 Qc7 11. Re1 Rd8 12. Nc3 Nxc3 13. bxc3 dxe5 14. dxe5 Bd7
15. Bg5 Rac8 16. Bd3 Be8 17. Qe4 g6 18. Rad1 Bxg5 19. Nxg5 h6 20. Nf3 Qe7 21.
Qf4 Kg7 22. h4 Rd5 23. h5 Rcd8 24. Re3 Na5 25. c4 R5d7 26. g4 Nb3 27. Kg2 g5
28. Qe4 Rxd3 29. Rexd3 Nc5 30. Qe3 Nxd3 31. Rxd3 Rxd3 32. Qxd3 Bc6 33. Kg3 Qc5
34. Qe3 Qxc4 35. Nxg5 hxg5 36. Qxg5+ Kf8 37. Qd8+ Be8 38. h6 Qc3+ 39. Kh4 Qxe5
40. Qc8 Qh2+ 41. Kg5 0-1

[Event "Essex league"]
[Site "?"]
[Date "1988.03.17"]
[Round "?"]
[White "Carr, N."]
[Black "Stebbings, A."]
[Result "1-0"]
[WhiteElo "2312"]
[BlackElo "2168"]
[PlyCount "27"]
[EventDate "1988.??.??"]

1. e4 c5 2. b3 Nf6 3. e5 Nd5 4. Bb2 e6 5. Nf3 Be7 6. c4 Nb4 7. a3 N4c6 8. Nc3
O-O 9. Ne4 d6 10. d4 cxd4 11. exd6 Bxd6 12. Nxd6 Qxd6 13. Nxd4 Nxd4 14. Qxd4
1-0

[Event "Banks match"]
[Site "London"]
[Date "1988.03.22"]
[Round "?"]
[White "Paish, A."]
[Black "Stebbings, A."]
[Result "0-1"]
[WhiteElo "2096"]
[BlackElo "2168"]
[PlyCount "61"]
[EventDate "1988.??.??"]

1. e4 c5 2. Nf3 e6 3. d4 cxd4 4. Nxd4 Nc6 5. Nc3 Qc7 6. Be3 a6 7. Bd3 Nf6 8.
O-O Ne5 9. h3 Bc5 10. Qe2 d6 11. Rae1 b5 12. a3 O-O 13. f4 Ng6 14. Kh1 e5 15.
fxe5 dxe5 16. Nf5 Bxe3 17. Nxe3 Nf4 18. Qf3 Be6 19. Ned5 Bxd5 20. Nxd5 N6xd5
21. exd5 f5 22. Qe3 Rae8 23. Qd2 Qc5 24. Bxf5 Rxf5 25. g3 Rd8 26. gxf4 Rxd5 27.
Qg2 Rxf4 28. Rxf4 exf4 29. Re8+ Kf7 30. Qe2 Qd6 31. Kg1 0-1

[Event "Tournament: Folkestone Open"]
[Site "?"]
[Date "1988.04.01"]
[Round "?"]
[White "Stebbings, A."]
[Black "Cunliffe, S."]
[Result "1-0"]
[WhiteElo "2168"]
[BlackElo "1888"]
[PlyCount "59"]
[EventDate "1988.??.??"]

1. e4 e5 2. Nf3 Nf6 3. Nxe5 d6 4. Nf3 Nxe4 5. d4 d5 6. Bd3 Bd6 7. O-O O-O 8. c4
c6 9. Qc2 Re8 10. Nc3 Nf6 11. cxd5 cxd5 12. Bg5 h6 13. Bxf6 Qxf6 14. Nxd5 Qd8
15. Ne3 Nc6 16. Bc4 Bf4 17. Rad1 Bxe3 18. fxe3 Rxe3 19. Ne5 Nxe5 20. dxe5 Qb6
21. Bxf7+ Kh8 22. Rd6 Re2+ 23. Rxb6 Rxc2 24. Rd6 Bg4 25. e6 Rc7 26. h3 Be2 27.
Re1 Bb5 28. e7 Be8 29. Bxe8 Rxe8 30. Rd8 1-0

[Event "Tournament: Folkestone Open"]
[Site "?"]
[Date "1988.04.02"]
[Round "?"]
[White "Pullinger, S."]
[Black "Stebbings, A."]
[Result "1/2-1/2"]
[WhiteElo "2000"]
[BlackElo "2168"]
[PlyCount "96"]
[EventDate "1988.??.??"]

1. d4 Nf6 2. Nf3 e6 3. e3 b6 4. Bd3 Bb7 5. Nbd2 c5 6. c3 cxd4 7. exd4 Be7 8.
O-O O-O 9. Re1 d6 10. Qe2 Nbd7 11. c4 Re8 12. b3 d5 13. Bb2 Rc8 14. Rac1 Bf8
15. Ne5 dxc4 16. bxc4 Nxe5 17. dxe5 Nd7 18. Ne4 Bxe4 19. Qxe4 g6 20. Qf4 Nc5
21. Bc2 Re7 22. Rcd1 Rd7 23. Rxd7 Qxd7 24. Rd1 Qc7 25. h3 Nb7 26. Bb3 Na5 27.
Rd4 Rd8 28. Rxd8 Qxd8 29. Qd4 Qc7 30. Bc3 Nc6 31. Qe4 Bg7 32. f4 Bf8 33. Ba4
Nd8 34. Kh2 Be7 35. Qd4 Nb7 36. Qd7 Qxd7 37. Bxd7 Ba3 38. Bd2 Nc5 39. Bc6 Nd3
40. Bb5 Bc1 41. Bxc1 Nxc1 42. a3 Nd3 43. Kg3 h6 44. Kf3 Kg7 45. Ke4 Nc5+ 46.
Kd4 f6 47. Bc6 Kf7 48. Bf3 Ke7 1/2-1/2

[Event "Tournament: Folkestone Open"]
[Site "?"]
[Date "1988.04.02"]
[Round "?"]
[White "Stebbings, A."]
[Black "Lucas, P."]
[Result "1-0"]
[WhiteElo "2168"]
[BlackElo "1976"]
[PlyCount "105"]
[EventDate "1988.??.??"]

1. e4 c5 2. Nf3 Nc6 3. d4 cxd4 4. Nxd4 Nf6 5. Nc3 e6 6. Ndb5 d6 7. Bf4 Ne5 8.
Qd4 a6 9. Nxd6+ Bxd6 10. Bxe5 Bxe5 11. Qxe5 O-O 12. f3 Qb6 13. O-O-O Bd7 14.
Qd4 Qxd4 15. Rxd4 Bc6 16. Be2 Rfd8 17. Rhd1 Rxd4 18. Rxd4 Kf8 19. a4 Ke7 20. a5
Nd7 21. b4 f6 22. Kb2 Nb8 23. Kb3 Be8 24. Na4 Nc6 25. Rd2 Rc8 26. c3 Rc7 27.
Nb6 Na7 28. Kb2 Nc6 29. Na8 Rc8 30. Nb6 Rc7 31. Bd1 Ne5 32. f4 Nc4+ 33. Nxc4
Rxc4 34. Rd4 Rc7 35. e5 Bc6 36. g3 Bd5 37. Bb3 Bc6 38. Rd6 Bd7 39. Bc2 Rc8 40.
Be4 Rb8 41. Rb6 Bc8 42. c4 f5 43. Bf3 Kd8 44. c5 Kc7 45. c6 bxc6 46. Rxb8 Kxb8
47. Bxc6 Kc7 48. Bf3 Bd7 49. Kc3 h6 50. h4 Bb5 51. Kd4 Bd7 52. Kc5 Bc8 53. Bc6
1-0

[Event "Tournament: Folkestone Open"]
[Site "?"]
[Date "1988.04.03"]
[Round "?"]
[White "O'Brien, R."]
[Black "Stebbings, A."]
[Result "0-1"]
[WhiteElo "2064"]
[BlackElo "2168"]
[PlyCount "82"]
[EventDate "1988.??.??"]

1. d4 Nf6 2. c4 e6 3. Nf3 Bb4+ 4. Bd2 Qe7 5. g3 Nc6 6. Bg2 Bxd2+ 7. Nbxd2 d6 8.
O-O O-O 9. e4 a5 10. e5 dxe5 11. dxe5 Nd7 12. Qe2 Rd8 13. h4 Nc5 14. Ne4 Bd7
15. Qe3 Nxe4 16. Qxe4 h6 17. g4 Nb4 18. Qf4 Bc6 19. g5 h5 20. Ne1 Qc5 21. Bxc6
Nxc6 22. Nf3 Nd4 23. Qe3 Nxf3+ 24. Qxf3 Rd4 25. Qxh5 Qxc4 26. f4 Rxf4 27. Rxf4
Qxf4 28. Rf1 Qg3+ 29. Kh1 g6 30. Qf3 Qxh4+ 31. Kg2 Qxg5+ 32. Kh3 Qf5+ 33. Qxf5
exf5 34. Rd1 Re8 35. Rd7 Rxe5 36. Rxc7 Rb5 37. b3 Kg7 38. Kg3 g5 39. Rd7 Kf6
40. Kf3 Ke6 41. Rd2 Rd5 0-1

[Event "Tournament: Folkestone Open"]
[Site "?"]
[Date "1988.04.04"]
[Round "?"]
[White "Stebbings, A."]
[Black "Wooldridge, L."]
[Result "1-0"]
[WhiteElo "2168"]
[BlackElo "1816"]
[PlyCount "63"]
[EventDate "1988.??.??"]

1. e4 c5 2. Nf3 Nc6 3. d4 cxd4 4. Nxd4 Nf6 5. Nc3 d6 6. f4 Qb6 7. Nb3 e6 8. Bd3
Be7 9. Qf3 O-O 10. Be3 Qc7 11. O-O Nb4 12. a3 Nxd3 13. cxd3 Bd7 14. Rac1 Qb8
15. Nd4 Rd8 16. g4 e5 17. Nf5 Bxf5 18. exf5 d5 19. fxe5 Qxe5 20. d4 Qd6 21. g5
Ne8 22. Rc2 a6 23. Rg2 Rac8 24. f6 Bf8 25. fxg7 Nxg7 26. Qxf7+ Kh8 27. Rgf2 Be7
28. Bf4 Qe6 29. Be5 Qxf7 30. Rxf7 Bf8 31. Nxd5 Kg8 32. Ne7+ 1-0

[Event "London league"]
[Site "?"]
[Date "1988.04.13"]
[Round "?"]
[White "Tucker, D."]
[Black "Stebbings, A."]
[Result "0-1"]
[WhiteElo "2008"]
[BlackElo "2168"]
[PlyCount "62"]
[EventDate "1988.??.??"]

1. e4 c5 2. Nf3 e6 3. d4 cxd4 4. Nxd4 Nc6 5. Nc3 Qc7 6. g3 a6 7. Bg2 Nf6 8. O-O
Be7 9. Re1 Nxd4 10. Qxd4 Bc5 11. Bf4 d6 12. Qd1 e5 13. Be3 Be6 14. Nd5 Bxd5 15.
exd5 O-O 16. Rc1 Nd7 17. c4 f5 18. a3 a5 19. f4 Rae8 20. Kh1 Bxe3 21. Rxe3 exf4
22. Rxe8 Rxe8 23. gxf4 Qb6 24. Qd2 Qe3 25. Qxe3 Rxe3 26. Kg1 Rb3 27. Rc2 Nc5
28. Re2 Kf7 29. h4 a4 30. h5 Nd3 31. Re6 Nxf4 0-1

[Event "Kent league"]
[Site "?"]
[Date "1988.05.08"]
[Round "?"]
[White "Cook, M."]
[Black "Stebbings, A."]
[Result "1/2-1/2"]
[WhiteElo "2176"]
[BlackElo "2224"]
[PlyCount "104"]
[EventDate "1988.??.??"]

1. d4 Nf6 2. c4 e6 3. Nf3 Bb4+ 4. Nbd2 b6 5. e3 Bb7 6. Bd3 c5 7. O-O cxd4 8.
exd4 O-O 9. Qe2 d5 10. a3 Be7 11. b4 dxc4 12. Nxc4 Nbd7 13. Bd2 Nd5 14. Nce5
Rc8 15. Rac1 Nb8 16. Rxc8 Qxc8 17. Rc1 Qe8 18. h3 Qa4 19. Nc4 Rc8 20. Nfe5 Nf6
21. Ng4 Nbd7 22. Re1 Bd5 23. Nge3 Bf8 24. Bc1 Be4 25. Ne5 Bxd3 26. Qxd3 h6 27.
f4 Rd8 28. Qc3 Nxe5 29. fxe5 Nd5 30. Nxd5 Rxd5 31. Rf1 Qd7 32. Be3 a5 33. bxa5
Rxa5 34. Bc1 Rd5 35. Be3 Be7 36. Rb1 b5 37. Rc1 f6 38. Kh1 fxe5 39. dxe5 Rd1+
40. Rxd1 Qxd1+ 41. Kh2 Qd5 42. Bb6 Bg5 43. Be3 Bd8 44. Bc5 Ba5 45. Qd4 Qxd4 46.
Bxd4 Kf7 47. Kg3 Bd2 48. Kf3 Ke7 49. Ke4 h5 50. Bc5+ Kd7 51. Bf8 g6 52. Kd4 Kc6
1/2-1/2

[Event "London league"]
[Site "?"]
[Date "1988.05.12"]
[Round "?"]
[White "Adams, J."]
[Black "Stebbings, A."]
[Result "0-1"]
[WhiteElo "2112"]
[BlackElo "2224"]
[PlyCount "58"]
[EventDate "1988.??.??"]

1. e4 c5 2. Nc3 Nc6 3. Nge2 e6 4. g3 Nf6 5. Bg2 a6 6. O-O Be7 7. Nf4 O-O 8. b3
Qc7 9. Bb2 b5 10. Re1 d6 11. Nh5 Bb7 12. f4 Nd4 13. Ne2 Nxh5 14. Nxd4 Nf6 15.
e5 dxe5 16. fxe5 cxd4 17. exf6 Bxf6 18. Bxb7 Qxb7 19. Qg4 Rac8 20. Rac1 Qd5 21.
Rf1 Be5 22. Rfe1 Rfd8 23. d3 g6 24. Re2 Bg7 25. Rce1 Rd7 26. Qh4 Rdc7 27. Ba3
Rxc2 28. Rxc2 Rxc2 29. Re2 Rxe2 0-1

[Event "County match"]
[Site "?"]
[Date "1988.05.14"]
[Round "?"]
[White "Knight, S."]
[Black "Stebbings, A."]
[Result "1/2-1/2"]
[WhiteElo "2016"]
[BlackElo "2224"]
[PlyCount "108"]
[EventDate "1988.??.??"]

1. d4 Nf6 2. Nf3 e6 3. Bg5 c5 4. e3 Qb6 5. Bxf6 Qxb2 6. Nbd2 gxf6 7. Ne4 cxd4
8. Nxf6+ Ke7 9. Ne4 d5 10. Rb1 Qxa2 11. Neg5 Bh6 12. Be2 dxe3 13. O-O exf2+ 14.
Kh1 Nc6 15. Qc1 Qa5 16. Rb5 Qc7 17. Qa3+ Ke8 18. Qc3 Rg8 19. Nxh7 Bg7 20. Qe3
Qe7 21. Qxf2 b6 22. Nfg5 Bd4 23. Qh4 Rxg5 24. Qxg5 Qxg5 25. Nxg5 f6 26. Nf3 Ba6
27. Bd3 Bc3 28. Rb3 Bxd3 29. cxd3 d4 30. Ng1 Ke7 31. Ne2 Bd2 32. Rb2 Be3 33.
Rc2 Ne5 34. Rc7+ Kd6 35. Rg7 Nxd3 36. g3 Nf2+ 37. Kg2 Ne4 38. Rd1 e5 39. Nc1
Rc8 40. Nd3 Rc2+ 41. Kf3 Nf2 42. Nxf2 Rxf2+ 43. Ke4 f5+ 44. Kd3 e4+ 45. Kc4
Rxh2 46. Rxa7 d3 47. Raa1 Rg2 48. Rf1 Ke5 49. Rab1 Rxg3 50. Rb5+ Kf6 51. Rbxf5+
Kg6 52. Rf8 Rg5 53. Rg8+ Kh5 54. Rxg5+ Kxg5 1/2-1/2

[Event "County match"]
[Site "?"]
[Date "1988.06.04"]
[Round "?"]
[White "Powis, R."]
[Black "Stebbings, A."]
[Result "1/2-1/2"]
[WhiteElo "1928"]
[BlackElo "2224"]
[PlyCount "59"]
[EventDate "1988.??.??"]

1. d4 Nf6 2. Nf3 e6 3. Bf4 b6 4. e3 Be7 5. h3 c5 6. c3 O-O 7. Bd3 Ba6 8. Bxa6
Nxa6 9. Qd3 Qc8 10. Nbd2 Qb7 11. O-O Nb8 12. Rfe1 Rc8 13. dxc5 bxc5 14. b3 d6
15. e4 Rd8 16. Qe2 Nc6 17. Rad1 Ne8 18. Nc4 a5 19. Nb2 Rd7 20. Bg5 Bxg5 21.
Nxg5 h6 22. Nf3 Rb8 23. Na4 e5 24. Rd2 Rdd8 25. Red1 Kf8 26. Nh4 g6 27. Nf3 Qb5
28. Qxb5 Rxb5 29. Nb2 Ke7 30. Ne1 1/2-1/2

[Event "County match"]
[Site "?"]
[Date "1988.07.02"]
[Round "?"]
[White "Conroy, M."]
[Black "Stebbings, A."]
[Result "1/2-1/2"]
[WhiteElo "2160"]
[BlackElo "2224"]
[PlyCount "43"]
[EventDate "1988.??.??"]

1. e4 c5 2. d4 cxd4 3. c3 dxc3 4. Nxc3 d6 5. Nf3 e6 6. Bc4 Ne7 7. O-O a6 8. Bg5
h6 9. Be3 Ng6 10. Nd4 Be7 11. f4 Nc6 12. Nxe6 Bxe6 13. Bxe6 fxe6 14. Qh5 O-O
15. Qxg6 Bf6 16. Rad1 Qe7 17. Qg3 Rac8 18. Bb6 Nb8 19. Bd4 Bxd4+ 20. Rxd4 Nc6
21. Rd2 b5 22. Rfd1 1/2-1/2

[Event "Team match"]
[Site "London"]
[Date "1988.07.23"]
[Round "?"]
[White "Stebbings, A."]
[Black "Richards, W."]
[Result "1-0"]
[WhiteElo "2224"]
[BlackElo "1712"]
[PlyCount "91"]
[EventDate "1988.??.??"]

1. d4 Nf6 2. c4 e6 3. Nc3 d5 4. Bg5 Be7 5. e3 h6 6. Bh4 O-O 7. Rc1 Ne4 8. Bxe7
Qxe7 9. cxd5 Nxc3 10. Rxc3 exd5 11. Nf3 c6 12. Be2 Nd7 13. O-O Nf6 14. Qb1 Ne4
15. Rc2 Nd6 16. Qe1 Bf5 17. Rc1 a5 18. Ne5 f6 19. Nd3 Bh7 20. Qd2 Ne4 21. Qc2
Rfc8 22. Bg4 f5 23. Bf3 Rf8 24. Be2 Ng5 25. Qd2 Ne4 26. Qd1 Nd6 27. Re1 Ne4 28.
f4 Nd6 29. Ne5 Nf7 30. Qc2 Nxe5 31. dxe5 Bg6 32. Red1 Be8 33. Bf3 Bd7 34. Qb3
Be6 35. Rd4 Rfc8 36. Qc2 Kf8 37. Rd2 g6 38. a3 a4 39. Rd4 b5 40. Rd2 Ra7 41.
Qc3 Bd7 42. Rdc2 Ke8 43. Qd4 Rac7 44. Bxd5 c5 45. Qd3 Be6 46. Qxb5+ 1-0

[Event "Tournament: Barbican Open"]
[Site "London"]
[Date "1988.09.09"]
[Round "?"]
[White "Bates, C."]
[Black "Stebbings, A."]
[Result "0-1"]
[WhiteElo "2008"]
[BlackElo "2224"]
[PlyCount "74"]
[EventDate "1988.??.??"]

1. g3 d5 2. Bg2 c6 3. Nf3 Bg4 4. O-O e6 5. d3 Bd6 6. Nbd2 Nd7 7. c4 Ne7 8. b3
O-O 9. Bb2 a5 10. Rc1 a4 11. Qc2 Qa5 12. h3 Bh5 13. e4 dxe4 14. Nxe4 axb3 15.
axb3 Bb4 16. Ra1 Qc7 17. Qc1 h6 18. g4 Bg6 19. Qe3 e5 20. d4 f5 21. Nc5 f4 22.
Qe2 Nxc5 23. dxc5 e4 24. Rxa8 Rxa8 25. Nd4 f3 26. Bxf3 exf3 27. Qxf3 Bf7 28.
Nf5 Nxf5 29. Qxf5 Re8 30. Rd1 Be6 31. Qh5 Qf7 32. Qe5 Bxg4 33. Rd8 Rxd8 34.
hxg4 Re8 35. Qd4 Qe7 36. Kh2 Bxc5 37. Qc3 Qh4+ 0-1

[Event "Tournament: Barbican Open"]
[Site "London"]
[Date "1988.09.10"]
[Round "?"]
[White "Stebbings, A."]
[Black "Clark, J."]
[Result "1-0"]
[WhiteElo "2224"]
[BlackElo "2040"]
[PlyCount "61"]
[EventDate "1988.??.??"]

1. e4 c5 2. Nf3 d6 3. d4 cxd4 4. Nxd4 Nf6 5. Nc3 a6 6. f4 e5 7. Nf3 Nbd7 8. a4
Be7 9. Bc4 Qc7 10. Qe2 O-O 11. O-O exf4 12. Bxf4 Ne5 13. Bb3 Bg4 14. Kh1 Nxf3
15. gxf3 Be6 16. Rfd1 Bxb3 17. cxb3 Qb6 18. Rd3 Nh5 19. Be3 Qc6 20. Nd5 Bh4 21.
Rc1 Qd7 22. Nb6 Qh3 23. Qg2 Qxg2+ 24. Kxg2 Rad8 25. Rc7 f5 26. exf5 Rxf5 27.
Rxb7 Nf4+ 28. Bxf4 Rxf4 29. Ra7 Bf6 30. Nd5 Rd4 31. Nxf6+ 1-0

[Event "Tournament: Barbican Open"]
[Site "London"]
[Date "1988.09.10"]
[Round "?"]
[White "Tredinnick, A."]
[Black "Stebbings, A."]
[Result "0-1"]
[WhiteElo "1976"]
[BlackElo "2224"]
[PlyCount "52"]
[EventDate "1988.??.??"]

1. e4 c5 2. Nf3 e6 3. d4 cxd4 4. Nxd4 Nc6 5. Nc3 Qc7 6. g3 a6 7. Bg2 Nf6 8. O-O
Be7 9. a4 O-O 10. Nb3 d6 11. f4 Rb8 12. Be3 b6 13. h3 Rd8 14. Qe2 Na5 15. Nd2
Bb7 16. g4 d5 17. Qf2 d4 18. Bxd4 Rxd4 19. g5 Bc5 20. Kh1 Nxe4 21. Ndxe4 Rxe4
22. Qh4 Rd4 23. Rad1 Rbd8 24. Ne4 Rxd1 25. Nf6+ gxf6 26. gxf6 Rxf1+ 0-1

[Event "Tournament: Barbican Open"]
[Site "London"]
[Date "1988.09.11"]
[Round "?"]
[White "Stebbings, A."]
[Black "Kett, T."]
[Result "1/2-1/2"]
[WhiteElo "2224"]
[BlackElo "2152"]
[PlyCount "33"]
[EventDate "1988.??.??"]

1. e4 c6 2. d4 d5 3. exd5 cxd5 4. c4 Nf6 5. Nc3 Nc6 6. Bg5 Qa5 7. Bd2 dxc4 8.
Bxc4 e6 9. d5 exd5 10. Nxd5 Qd8 11. Bc3 Be7 12. Nxe7 Qxe7+ 13. Qe2 Qxe2+ 14.
Nxe2 O-O 15. Bxf6 gxf6 16. O-O Be6 17. Rac1 1/2-1/2

[Event "Tournament: Barbican Open"]
[Site "London"]
[Date "1988.09.11"]
[Round "?"]
[White "Stebbings, A."]
[Black "Adams, M."]
[Result "1/2-1/2"]
[WhiteElo "2224"]
[BlackElo "2600"]
[PlyCount "109"]
[EventDate "1988.??.??"]

1. d4 Nf6 2. c4 e6 3. Nc3 Bb4 4. e3 b6 5. Nge2 Ne4 6. Qc2 Bb7 7. a3 Bxc3+ 8.
Nxc3 Nxc3 9. Qxc3 O-O 10. b3 d6 11. Bb2 Nd7 12. O-O-O Qe7 13. f3 a5 14. Bd3 f5
15. Rhe1 Nf6 16. Kb1 c5 17. a4 Qf7 18. Bf1 Rfd8 19. Rd2 Qe7 20. Ba3 Ne8 21. h3
Nc7 22. Bd3 Na6 23. Bc2 Nb4 24. Red1 Rac8 25. Bb2 Rc7 26. Ka1 d5 27. dxc5 Rxc5
28. e4 fxe4 29. fxe4 Rc7 30. Bb1 Re8 31. Qg3 dxc4 32. Be5 c3 33. Bxc7 cxd2 34.
Rxd2 Nc6 35. Qd6 Qf6+ 36. e5 Qf4 37. Bxb6 Nxe5 38. Bc7 Qh6 39. Bxa5 Nc6 40. Bc3
Rd8 41. Qxd8+ Nxd8 42. Rxd8+ Kf7 43. Rd7+ Ke8 44. Rxb7 e5 45. Bxe5 Qc6 46. Rb5
Qxg2 47. Bxh7 Qxh3 48. Bg6+ Ke7 49. Bxg7 Qg2 50. Re5+ Kd6 51. Rh5 Ke7 52. Rh6
Qg5 53. Ka2 Qd2+ 54. Ka3 Qc1+ 55. Kb4 1/2-1/2

[Event "Kent league"]
[Site "?"]
[Date "1988.09.22"]
[Round "?"]
[White "Lloyd, T."]
[Black "Stebbings, A."]
[Result "0-1"]
[WhiteElo "1760"]
[BlackElo "2224"]
[PlyCount "102"]
[EventDate "1988.??.??"]

1. d4 Nf6 2. c4 e6 3. Nc3 Bb4 4. Nf3 c5 5. Qc2 b6 6. Bg5 h6 7. Bxf6 Qxf6 8. e3
Bb7 9. Be2 Nc6 10. O-O O-O 11. Ne4 Qe7 12. a3 Ba5 13. Bd3 Rac8 14. Qb3 Ba8 15.
Rfd1 a6 16. Rac1 d5 17. Ng3 dxc4 18. Qxc4 Nb8 19. Ne5 b5 20. Qc2 c4 21. Bh7+
Kh8 22. Bg6 Nc6 23. Nxc6 Bxc6 24. Be4 Bxe4 25. Qxe4 f5 26. Qf3 Bc7 27. Qb7 Qd6
28. Qf3 Qd5 29. Qxd5 exd5 30. Ne2 Rb8 31. Nc3 Rfd8 32. Ne2 Kg8 33. g3 Kf7 34.
Kg2 Kf6 35. h3 g6 36. Kf3 a5 37. Nc3 b4 38. axb4 axb4 39. Na4 Ra8 40. Ra1 Ra7
41. Nc5 Rda8 42. Rxa7 Rxa7 43. Nd7+ Ke7 44. Nc5 Bb6 45. Kf4 Kd6 46. h4 Ra2 47.
h5 gxh5 48. Kxf5 Rxb2 49. Rf1 Bxc5 50. dxc5+ Kxc5 51. f4 c3 0-1

[Event "London league"]
[Site "?"]
[Date "1988.09.28"]
[Round "?"]
[White "Hodgson, JH."]
[Black "Stebbings, A."]
[Result "0-1"]
[WhiteElo "2144"]
[BlackElo "2224"]
[PlyCount "107"]
[EventDate "1988.??.??"]

1. e4 c5 2. Nf3 e6 3. c3 Nf6 4. e5 Nd5 5. d4 cxd4 6. cxd4 d6 7. Bc4 Nc6 8. O-O
Be7 9. Qe2 O-O 10. Nc3 Nxc3 11. bxc3 dxe5 12. dxe5 Qc7 13. Re1 Bd7 14. Bd3 Rfd8
15. Bg5 Be8 16. Bxe7 Nxe7 17. Rac1 Rac8 18. Bb1 Rd5 19. Qe4 Ng6 20. h4 Bc6 21.
Qg4 Rc5 22. h5 Bxf3 23. Qxf3 Nxe5 24. Qe4 f5 25. Qe2 Qf7 26. Rcd1 f4 27. Qe4
Qxh5 28. Qxf4 Rf8 29. Qg3 Ng4 30. Rd4 Nf6 31. Rxe6 Rg5 32. Qh4 Qxh4 33. Rxh4
Rc5 34. Re7 Rf7 35. Bxh7+ Nxh7 36. Rxf7 Kxf7 37. Rxh7 Ra5 38. Rh3 Rxa2 39. Rf3+
Kg8 40. Rd3 Rb2 41. f4 Kf7 42. Rd8 a5 43. Ra8 b6 44. Kh2 g6 45. Kh3 Rb3 46. Rc8
a4 47. Kg4 a3 48. Rc7+ Ke6 49. Kg5 Rb5+ 50. Kxg6 a2 51. Ra7 Ra5 52. f5+ Kd6 53.
Rb7 a1=Q 54. Rxb6+ 0-1

[Event "London league"]
[Site "?"]
[Date "1988.10.10"]
[Round "?"]
[White "Stebbings, A."]
[Black "Johnson, J."]
[Result "1-0"]
[WhiteElo "2224"]
[BlackElo "2144"]
[PlyCount "81"]
[EventDate "1988.??.??"]

1. d4 Nf6 2. c4 e6 3. Nc3 Bb4 4. e3 b6 5. Nge2 Bb7 6. a3 Be7 7. d5 O-O 8. e4
Ne8 9. Ng3 c6 10. Be2 Na6 11. O-O Nac7 12. Bf4 exd5 13. cxd5 cxd5 14. exd5 Bd6
15. Bxd6 Nxd6 16. Qd4 Re8 17. Rfe1 Qg5 18. Rad1 Qe5 19. Qb4 f5 20. Bf1 Qf6 21.
Nh5 Qf8 22. Qd4 Re7 23. Re2 Rxe2 24. Bxe2 Qe7 25. g3 Re8 26. h4 Qf7 27. Nf4 g6
28. Bf3 Qg7 29. Qb4 Qe5 30. Qa4 Na6 31. Nd3 Qg7 32. Qf4 Qf6 33. Rd2 Kg7 34. Re2
Rxe2 35. Bxe2 Nf7 36. Qa4 Qd6 37. Nf4 Nc5 38. Qxa7 Nd8 39. b4 Ne4 40. Na4 h6
41. Qxb6 1-0